| 000 | 00731nam a2200229 a 4500 | ||
|---|---|---|---|
| 005 | 20230909063625.0 | ||
| 008 | 080610s2006 mx r 000 0 spa d | ||
| 020 | _a9681681231 | ||
| 035 | _aUPN01000156777 | ||
| 049 | _aI | ||
| 050 | 4 |
_aPZ90 CH5 _bL5.6 |
|
| 100 | 1 |
_aLiao, Jimmy, _d1958- _934887 |
|
| 245 | 1 | 3 |
_aLa piedra azul / _cJimmy Liao ; tr. Tatiana Svakhina. |
| 260 |
_aMéxico : _bFCE, _c2006. |
||
| 300 |
_a[152] p. : _bprincipalmente il. col. |
||
| 440 | 4 | _aLos especiales de A la orilla del viento | |
| 534 |
_pTítulo original: _tLan Shitou |
||
| 650 | 7 |
_aCuentos infantiles chinos _2 _912981 |
|
| 650 | 4 |
_aROCAS - _vLITERATURA INFANTIL _919634 |
|
| 650 | 4 |
_aNOSTALGIA EN LA LITERATURA _924866 |
|
| 905 | _aInfantil | ||
| 999 |
_c128891 _d128891 |
||